[Event "Gibraltar Open"]
[Site "Caleta ENG"]
[Date "2012.01.30"]
[Round "7.86"]
[White "Thornton, John D"]
[Black "Rodriguez Lopez, Rafael"]
[Result "0-1"]
[BlackTitle "IM"]
[WhiteElo "2050"]
[BlackElo "2287"]
[WhiteFideId "1800663"]
[BlackFideId "2204495"]
[EventDate "2012.01.24"]

1. c4 Nf6 2. g3 g6 3. Bg2 d5 4. cxd5 Nxd5 5. Nc3 Nxc3 6. bxc3 Bg7 7. Nf3 O-O 8.
Rb1 Nd7 9. O-O Nb6 10. a4 a5 11. Ng5 Bd7 12. Bxb7 Bxa4 13. Qe1 Ra7 14. Bg2 e5
15. d3 h6 16. Ne4 Bc6 17. Ba3 Re8 18. Qc1 Qa8 19. f3 f5 20. Nc5 Nd5 21. e4 Nf6
22. Qd2 Kh7 23. Qa2 f4 24. gxf4 exf4 25. d4 Qc8 26. Rf2 g5 27. Qc2 Kh8 28. Re2
Ra8 29. c4 Nd7 30. e5 Nxc5 31. Bxc5 Bd7 32. Rbe1 Bf5 33. Qc3 a4 34. Ra2 Ra6 35.
Qa1 Qd7 36. Qd1 Qc6 37. Kh1 Raa8 38. Qa1 Kh7 39. h4 Bxe5 40. Rxe5 Rxe5 41. dxe5
Qxc5 42. hxg5 hxg5 43. Rxa4 Rxa4 44. Qxa4 Qxe5 45. Qd1 Qd6 46. Qe1 Qe6 47. Qc3
c5 48. Kh2 Qh6+ 49. Kg1 Qg7 50. Qd2 Qd4+ 51. Qxd4 cxd4 52. Kf2 Kg7 53. Ke2 Kf6
54. Kd2 Ke5 55. Bf1 Kd6 56. Be2 Kc5 57. Bf1 Be6 58. Bd3 Bxc4 59. Bf5 Kd6 60. Bg6
Ke5 61. Bh5 Be6 62. Kd3 Kd5 63. Bg6 g4 64. fxg4 Bxg4 0-1

[Event "Gibraltar Open"]
[Site "Caleta ENG"]
[Date "2012.01.30"]
[Round "7.87"]
[White "Attwood, James"]
[Black "Ben Artzi, Ido"]
[Result "0-1"]
[WhiteElo "2072"]
[BlackElo "2284"]
[WhiteFideId "3206688"]
[BlackFideId "2810913"]
[EventDate "2012.01.24"]

1. d4 Nf6 2. c4 g6 3. g3 c6 4. Bg2 d5 5. Nf3 Bg7 6. O-O O-O 7. Nc3 dxc4 8. a4 a5
9. e3 Nd5 10. Qe2 Nb6 11. Ne4 Bf5 12. Nfd2 e5 13. dxe5 Bxe5 14. Nxc4 Nxc4 15.
Qxc4 Na6 16. Qe2 Qe7 17. Nd2 Rfd8 18. e4 Bg7 19. Re1 Be6 20. Nf3 h6 21. Bd2 Nc5
22. Bc3 Bxc3 23. bxc3 Bg4 24. Qe3 Rd3 25. Qf4 Bxf3 26. Bxf3 Ne6 0-1

[Event "Gibraltar Open"]
[Site "Caleta ENG"]
[Date "2012.01.30"]
[Round "7.88"]
[White "Rowe, Duane"]
[Black "Magar, Johannes"]
[Result "1-0"]
[WhiteTitle "CM"]
[WhiteElo "2236"]
[BlackElo "2088"]
[WhiteFideId "7400268"]
[BlackFideId "4648943"]
[EventDate "2012.01.24"]

1. e4 e5 2. Nf3 Nf6 3. Nxe5 Nxe4 4. Qe2 Qe7 5. Qxe4 d6 6. d4 dxe5 7. dxe5 Nc6 8.
Bb5 Bd7 9. O-O O-O-O 10. e6 fxe6 11. Nc3 Qb4 12. Bg5 Re8 13. Rad1 Qc5 14. Qd3
Bd6 15. Ne4 Qf5 16. Nxd6+ cxd6 17. Qxd6 Qxb5 18. Qxd7+ Kb8 19. Bh4 Qh5 20. Bg3+
e5 21. Qxg7 Rhg8 22. Qf6 Rgf8 23. Qd6+ Ka8 24. Qc5 Qg4 25. h3 Qe6 26. Rd6 Qe7
27. Rfd1 Rc8 28. Qe3 Qf7 29. b3 Qf5 30. c3 h5 31. b4 h4 32. Bxh4 Qh5 33. Qg5 Qe2
34. R6d2 Qc4 35. Bg3 Qxc3 36. b5 Rg8 37. Qh5 Nd4 38. Kh2 Nxb5 39. Qxe5 Qc6 40.
Rd7 Nc3 41. R1d6 Qc4 42. Qe7 Qxa2 43. Rxb7 Rge8 44. Qf7 Qa4 45. Rdd7 Nb5 46.
Rxb5 1-0

[Event "Gibraltar Open"]
[Site "Caleta ENG"]
[Date "2012.01.30"]
[Round "7.89"]
[White "Thingstad, Even"]
[Black "Salomon, Johan"]
[Result "1-0"]
[WhiteElo "2219"]
[BlackElo "2002"]
[WhiteFideId "1506439"]
[BlackFideId "1509500"]
[EventDate "2012.01.24"]

1. d4 Nf6 2. c4 c5 3. d5 e6 4. Nc3 exd5 5. cxd5 d6 6. e4 g6 7. Nf3 Bg7 8. h3 O-O
9. Bd3 a6 10. a4 Nbd7 11. O-O Rb8 12. Bf4 Qe7 13. Re1 Nh5 14. Bh2 Ne5 15. Be2 b5
16. axb5 axb5 17. Nxe5 Bxe5 18. Bxh5 Bxh2+ 19. Kxh2 Qe5+ 20. Kg1 gxh5 21. Qd2 b4
22. Nd1 Kh8 23. f4 Qg7 24. Kh1 Re8 25. Nf2 Rb7 26. e5 Rg8 27. Ne4 dxe5 28. fxe5
c4 29. Nf6 c3 30. Qf2 Rd8 31. Re3 Rc7 32. bxc3 bxc3 33. Rg3 Qh6 34. Qb6 1-0

[Event "Gibraltar Open"]
[Site "Caleta ENG"]
[Date "2012.01.30"]
[Round "7.90"]
[White "Duhayon, Yves"]
[Black "Spanton, Tim R"]
[Result "0-1"]
[WhiteElo "2210"]
[BlackElo "1984"]
[WhiteFideId "200492"]
[BlackFideId "404802"]
[EventDate "2012.01.24"]

1. d4 d5 2. c4 e5 3. dxe5 d4 4. Nf3 Nc6 5. a3 Be6 6. e3 dxe3 7. Qxd8+ Rxd8 8.
Bxe3 Nge7 9. Nc3 Nf5 10. Nb5 Rd7 11. Rd1 Nxe3 12. fxe3 Bg4 13. Be2 a6 14. Nbd4
Bxf3 15. gxf3 Nxe5 16. f4 Ng6 17. O-O Be7 18. b4 O-O 19. Nf5 Rfd8 20. Nxe7+ Nxe7
21. Kf2 Rxd1 22. Rxd1 Rxd1 23. Bxd1 f5 24. Bf3 b6 25. Ke2 Kf7 26. Kd3 Ke6 27.
Kd4 Kd6 28. c5+ bxc5+ 29. bxc5+ Ke6 30. Kc4 c6 31. Kb4 Nd5+ 32. Ka5 Nxe3 33.
Kxa6 Nd5 34. Kb7 Nxf4 35. a4 Nd3 36. Kb6 Ne5 37. Bd1 f4 38. Bb3+ Kd7 39. a5 f3
40. Bd1 Nc4+ 41. Ka6 Kc7 42. Bxf3 Ne5 43. Be4 g6 44. Ka7 Nd7 45. Bc2 Nxc5 46. h4
Ne6 47. a6 c5 48. Ka8 Nf4 49. Be4 c4 50. h5 gxh5 0-1

[Event "Gibraltar Open"]
[Site "Caleta ENG"]
[Date "2012.01.30"]
[Round "7.92"]
[White "Weeramantry, Sunil"]
[Black "Fransson, Angelina"]
[Result "1-0"]
[WhiteTitle "FM"]
[WhiteElo "2183"]
[BlackElo "1967"]
[WhiteFideId "9900055"]
[BlackFideId "1712632"]
[EventDate "2012.01.24"]

1. e4 c5 2. Nc3 g6 3. f4 Bg7 4. Nf3 e6 5. d4 cxd4 6. Nxd4 a6 7. a4 Ne7 8. Be3 d5
9. e5 b6 10. Bd3 Qc7 11. O-O Bb7 12. Nce2 Nbc6 13. Nxc6 Nxc6 14. Qe1 Rb8 15. Nd4
Bf8 16. c3 h5 17. Qe2 Nxd4 18. Bxd4 a5 19. f5 gxf5 20. Bxf5 Bc6 21. Bd3 Bg7 22.
Rf4 Bh6 23. Rf3 Rb7 24. Raf1 Qd8 25. Qf2 Rf8 26. Bg6 Qe7 27. Bxh5 Bxa4 28. Bxb6
d4 29. Bxd4 Rc7 30. Bb6 Rd7 31. Bc5 Qg5 32. Rxf7 Rfxf7 33. Bxf7+ Kd8 34. Bb6+ 1-0

[Event "Gibraltar Open"]
[Site "Caleta ENG"]
[Date "2012.01.30"]
[Round "7.94"]
[White "Walton, Alan J"]
[Black "Knudsen, Jes West"]
[Result "1-0"]
[WhiteTitle "CM"]
[WhiteElo "2161"]
[BlackElo "1892"]
[WhiteFideId "409898"]
[BlackFideId "1405985"]
[EventDate "2012.01.24"]

1. d4 f5 2. Bg5 c6 3. e3 Qb6 4. b3 e6 5. Nf3 h6 6. Bh4 g5 7. Bg3 Nf6 8. Be2 Bg7
9. Nbd2 d5 10. Ne5 O-O 11. c4 Nbd7 12. Qc2 f4 13. c5 Qa5 14. exf4 Ne4 15. fxg5
Nxe5 16. dxe5 hxg5 17. Bd3 Nxc5 18. Bh7+ Kh8 19. O-O Nd7 20. Nf3 Qd8 21. Rfe1 g4
22. Nh4 Nxe5 23. Rxe5 1-0

[Event "Gibraltar Open"]
[Site "Caleta ENG"]
[Date "2012.01.30"]
[Round "7.95"]
[White "Nilsson, Lars Kjoller"]
[Black "Schmidt, Ralf"]
[Result "1/2-1/2"]
[WhiteElo "2036"]
[BlackElo "2156"]
[WhiteFideId "1402544"]
[BlackFideId "4640950"]
[EventDate "2012.01.24"]

1. e4 e6 2. d4 d5 3. e5 c5 4. c3 Nc6 5. Nf3 Qb6 6. a3 c4 7. Nbd2 Na5 8. g3 Bd7
9. h4 Ne7 10. Bh3 h6 11. Qe2 O-O-O 12. Nf1 Nb3 13. Rb1 Nxc1 14. Rxc1 Nc6 15. Ne3
Na5 16. O-O Be7 17. Ne1 h5 18. f4 g6 19. Bg2 Ba4 20. Nf3 Nb3 21. Rb1 Qc7 22. Nd1
Kb8 23. Nf2 a5 24. Nh3 b5 25. Nhg5 Bf8 26. Ne1 b4 27. axb4 axb4 28. Nc2 Rd7 29.
cxb4 Qb6 30. Nf3 Bxb4 31. Nxb4 Qxb4 32. Qe1 Qxe1 33. Rbxe1 Rb7 34. Re3 Kc7 35.
Rc3 Kb6 36. Kf2 Ra8 37. Ke3 Bc6 38. Ng5 Ra2 39. Rf2 Kb5 40. Bh3 Kb4 41. Rcc2 Ba4
42. Nxe6 fxe6 43. Bxe6 Bc6 44. f5 gxf5 45. Rxf5 Rg7 46. Rg2 Rh7 47. Bf7 Nc1 48.
e6 Nd3 49. Rxh5 Rxh5 50. Bxh5 Nxb2 51. Rg1 c3 52. Bg6 Nc4+ 53. Kf3 c2 54. h5 Kc3
55. h6 Kxd4 56. Kf4 Ne5 57. Bxc2 Rxc2 58. Rd1+ Nd3+ 59. Kf5 Rh2 60. Kg6 Rg2 61.
h7 Rxg3+ 62. Kf7 Rh3 63. Kg7 Ke3 64. h8=Q Rxh8 65. Kxh8 Nf4 66. Rc1 Bb5 67. Rc5
Bc4 68. Rc6 Bd3 69. Kg7 Bb5 70. Rb6 Ba4 71. e7 d4 72. Kf7 d3 73. Rd6 d2 74. Rxd2
Kxd2 75. e8=Q Bxe8+ 76. Kxe8 1/2-1/2

[Event "Gibraltar Open"]
[Site "Caleta ENG"]
[Date "2012.01.30"]
[Round "7.98"]
[White "Marano, Salvatore"]
[Black "Mastalerz, Xavier"]
[Result "0-1"]
[WhiteElo "1967"]
[BlackElo "2135"]
[WhiteFideId "814962"]
[BlackFideId "208310"]
[EventDate "2012.01.24"]

1. e4 e6 2. d3 d5 3. Nd2 Nf6 4. Ngf3 b6 5. c3 Be7 6. Qa4+ c6 7. e5 Nfd7 8. Qg4
g6 9. h4 h6 10. Be2 Qc7 11. Qg3 c5 12. Nf1 Nc6 13. Bf4 Bb7 14. Ne3 Na5 15. Ng4
h5 16. Nf6+ Bxf6 17. exf6 Qd8 18. O-O Qxf6 19. b4 Nc6 20. Bg5 Qf5 21. Qc7 Rb8
22. b5 Na5 23. d4 Rc8 24. Qd6 f6 25. Bd3 Nc4 26. Bxc4 dxc4 27. Rae1 Nf8 28. Re5
Rd8 29. Rxe6+ Nxe6 30. Qg3 Bxf3 0-1

[Event "Gibraltar Open"]
[Site "Caleta ENG"]
[Date "2012.01.30"]
[Round "7.100"]
[White "Reppen, Ellisiv"]
[Black "Boesch, Dirk"]
[Result "1-0"]
[WhiteElo "1948"]
[BlackElo "2131"]
[WhiteFideId "1504959"]
[BlackFideId "4670639"]
[EventDate "2012.01.24"]

1. e4 c5 2. Nf3 a6 3. d4 cxd4 4. Nxd4 Nf6 5. Nc3 e5 6. Nf3 Bb4 7. Bd3 d5 8. Nd2
Bg4 9. f3 Bxc3 10. bxc3 Be6 11. Rb1 Qc7 12. O-O O-O 13. Qe1 Nbd7 14. exd5 Nxd5
15. Ne4 N7f6 16. Ba3 Nxe4 17. Qxe4 Nf6 18. Qxb7 Qxb7 19. Rxb7 Rfc8 20. Bd6 Rxc3
21. Bxe5 Ra3 22. Ra1 a5 23. Rb2 Nd5 24. Bd6 Rc3 25. Rab1 Rd8 26. Rb8 Rcc8 27.
Rxc8 Rxc8 28. a3 Ne3 29. Ba6 Re8 30. Bb5 Rc8 31. Ba6 Re8 32. c3 Nc4 33. Bc5 h5
34. Re1 Nd2 35. Bd4 Rb8 36. Be5 Rb3 37. Rd1 Nc4 38. Bxc4 Bxc4 39. Ra1 h4 40. Bd4
Rb2 41. h3 f6 42. Bf2 g5 43. Bc5 Kf7 44. Rc1 Kg6 45. Bd6 Rb3 46. Kf2 Rb2+ 47.
Kg1 f5 48. Bc7 a4 49. Bd6 g4 50. hxg4 fxg4 51. fxg4 Bd5 52. c4 Rxg2+ 53. Kf1 Bc6
54. Rc3 Kg5 55. c5 Rxg4 56. Be7+ Kf5 57. Bd6 Ke6 58. Re3+ Kd5 59. Ke2 Kc4 60.
Rh3 Bg2 61. Re3 Kb5 62. Re8 Bb7 63. Rb8 Kc6 64. Rh8 Kd5 65. Rh5+ Kd4 66. Rh7 Bc6
67. Rc7 Bb5+ 68. Kf3 Rg5 69. Rh7 Bc6+ 70. Kf2 Rg2+ 71. Kf1 Rg4 72. Rc7 Kd5 73.
Rh7 Kc4 74. Rc7 Bg2+ 75. Kf2 h3 76. Rf7 Be4 77. Ke3 Kb3 78. Re7 Bd5 79. Rh7 Rc4
80. Kd2 Rc2+ 81. Kd3 Bc6 82. Rh8 Bb5+ 83. Kd4 Rc4+ 84. Kd5 Kxa3 85. Rb8 Ba6 86.
Rb6 Rh4 87. Rxa6 h2 88. c6+ Kb3 89. Bxh2 Rxh2 90. c7 Rh8 91. Rb6+ Ka2 92. Rb8
Rh5+ 93. Kd4 Rh4+ 94. Kd3 Rh3+ 95. Kc4 Rh4+ 96. Kb5 Rh5+ 97. Kxa4 Rh4+ 98. Kb5
Rh5+ 99. Ka6 Rh6+ 100. Rb6 1-0

[Event "Gibraltar Open"]
[Site "Caleta ENG"]
[Date "2012.01.30"]
[Round "7.103"]
[White "Jablon, Stephen"]
[Black "De Graaf, Dick"]
[Result "0-1"]
[WhiteElo "1931"]
[BlackElo "2183"]
[WhiteFideId "2019833"]
[BlackFideId "1005677"]
[EventDate "2012.01.24"]

1. d4 Nf6 2. Nc3 g6 3. e4 Bg7 4. Be3 d6 5. f3 a6 6. Qd2 b5 7. Bh6 O-O 8. O-O-O
Nc6 9. h4 e5 10. d5 Nd4 11. Nb1 b4 12. Bxg7 Kxg7 13. Qxb4 c5 14. dxc6 Be6 15. c3
Nxc6 16. Qxd6 Qb6 17. Qa3 Rab8 18. Nh3 Qe3+ 19. Nd2 h6 20. Kc2 Rfc8 21. Nc4 Bxc4
22. Bxc4 Nd4+ 23. Rxd4 exd4 24. Qd6 Rxb2+ 25. Kxb2 Qxc3+ 26. Kb1 Rxc4 27. a3
Qb3+ 28. Ka1 Rc2 0-1

[Event "Gibraltar Open"]
[Site "Caleta ENG"]
[Date "2012.01.30"]
[Round "7.104"]
[White "Daoudi, Kamal"]
[Black "Nwachukwu, Chino"]
[Result "1-0"]
[WhiteElo "2165"]
[BlackElo "1926"]
[WhiteFideId "9001069"]
[BlackFideId "8500770"]
[EventDate "2012.01.24"]

1. e4 c5 2. Nf3 Nc6 3. d4 cxd4 4. Nxd4 d6 5. Nc3 Nf6 6. Be3 g6 7. Be2 Bg7 8. f4
Qa5 9. Nb3 Qd8 10. g4 h6 11. f5 a6 12. Qd2 Bd7 13. O-O-O b5 14. h4 Ne5 15. g5 b4
16. Nd5 Nxe4 17. Qxb4 Ng3 18. Rhe1 Rb8 19. Bb6 Nxe2+ 20. Rxe2 Qc8 21. f6 Bf8 22.
fxe7 Bg7 23. Qxd6 1-0

[Event "Gibraltar Open"]
[Site "Caleta ENG"]
[Date "2012.01.30"]
[Round "7.105"]
[White "Kuehnast, Volker"]
[Black "Hallerod, Ralph"]
[Result "0-1"]
[WhiteElo "1933"]
[BlackElo "2124"]
[WhiteFideId "24653756"]
[BlackFideId "1705644"]
[EventDate "2012.01.24"]

1. g3 c6 2. Bg2 e5 3. c3 d5 4. d3 Be6 5. Nh3 h6 6. f3 Nd7 7. e3 Bd6 8. Nf2 Qb6
9. Qe2 Ne7 10. O-O O-O-O 11. b4 Nf6 12. a4 d4 13. exd4 exd4 14. b5 cxb5 15. axb5
dxc3 16. Be3 Bc5 17. Bxc5 Qxc5 18. Nxc3 Kb8 19. Rfc1 Rc8 20. f4 Qd4 21. Qe5+
Qxe5 22. fxe5 Nfd5 23. Nxd5 Nxd5 24. Ne4 Rxc1+ 25. Rxc1 Rc8 26. Rxc8+ Kxc8 27.
Kf2 a5 28. bxa6 bxa6 29. Nc5 a5 30. Ke2 Nb4 31. Kd2 Bd5 32. Bh3+ Kc7 33. d4 Nc6
34. Kc3 Nd8 35. Bf1 Kc6 36. Bd3 Ne6 37. Nxe6 Bxe6 38. Be4+ Bd5 39. Bd3 Kd7 40.
Bf5+ Ke7 41. Bc2 Ke6 42. Bd3 f6 43. exf6 Kxf6 44. Kb2 Kg5 45. Be2 Kf5 46. Bb5
Ke4 47. Ka3 Kxd4 48. Ka4 Ke3 49. Kxa5 Kf2 50. Kb4 Kg1 51. Kc5 Bf3 52. Kd6 Kxh2
53. Ke7 Kxg3 54. Kf7 h5 55. Kxg7 h4 56. Bd7 Bg4 0-1

[Event "Gibraltar Open"]
[Site "Caleta ENG"]
[Date "2012.01.30"]
[Round "7.106"]
[White "Zaky, Tamir"]
[Black "Eriksen, Magnus"]
[Result "0-1"]
[WhiteElo "1882"]
[BlackElo "2076"]
[WhiteFideId "651451"]
[BlackFideId "1509764"]
[EventDate "2012.01.24"]

1. e4 c5 2. Nf3 d6 3. Nc3 Nf6 4. d4 cxd4 5. Nxd4 a6 6. Be3 e5 7. Nb3 Be6 8. Be2
Be7 9. Nd5 Nxd5 10. exd5 Bf5 11. O-O O-O 12. a4 Nd7 13. a5 Bg5 14. f4 exf4 15.
Bxf4 Bxf4 16. Rxf4 Bg6 17. h4 h6 18. h5 Bh7 19. Nd4 Qg5 20. Rg4 Qe3+ 21. Kh1 Nf6
22. Ra3 Nxg4 23. Bxg4 Qe5 24. Bf3 Rfe8 25. Rb3 Re7 26. Kg1 Rae8 27. Ne2 Qg5 28.
Kf2 Be4 29. Ng3 Bxf3 30. Qxf3 Qd2+ 31. Kg1 Qd4+ 32. Kh2 Qh4+ 33. Kg1 Re1+ 34.
Kf2 Qd4+ 0-1

[Event "Gibraltar Open"]
[Site "Caleta ENG"]
[Date "2012.01.30"]
[Round "7.107"]
[White "Forsa, Elise"]
[Black "Thorell, Viktor"]
[Result "0-1"]
[WhiteElo "1770"]
[BlackElo "2046"]
[WhiteFideId "1500163"]
[BlackFideId "1715488"]
[EventDate "2012.01.24"]

1. e4 c5 2. Nf3 Nc6 3. d4 cxd4 4. Nxd4 g6 5. Be3 Bg7 6. Nc3 Nf6 7. Bc4 O-O 8.
O-O d6 9. f3 a6 10. Bb3 Bd7 11. Qd2 Rc8 12. Rad1 Qc7 13. Kh1 Ne5 14. Bg1 Nc4 15.
Qc1 Nxb2 16. Qxb2 Qxc3 17. Qxc3 Rxc3 18. Ne2 Rcc8 19. a4 b5 20. axb5 Bxb5 21.
Rfe1 Nd7 22. Nd4 Bc4 23. Ra1 Bxb3 24. cxb3 Nc5 25. Ra3 Nd3 26. Rd1 Nb4 27. Ra4
Rb8 28. Rc1 Rb7 29. Be3 Nd3 30. Rb1 Nc5 31. Ra3 Bxd4 32. Bxd4 Rfb8 33. Bxc5 dxc5
34. Rxa6 c4 35. Kg1 Rxb3 36. Rxb3 cxb3 37. Ra1 b2 38. Rb1 e5 39. Kf2 f5 40. exf5
gxf5 41. Ke3 Kf7 42. Kd3 Ke6 43. Kc2 Kd5 44. Kd3 h5 45. Kd2 Kd4 46. Ke2 Kc3 47.
Kd1 Rd8+ 48. Ke2 Kc2 0-1

[Event "Gibraltar Open"]
[Site "Caleta ENG"]
[Date "2012.01.30"]
[Round "7.108"]
[White "Kuenitz, Klaus"]
[Black "Suez-Panama, Gilles"]
[Result "1/2-1/2"]
[WhiteElo "1686"]
[BlackElo "2034"]
[WhiteFideId "4640713"]
[BlackFideId "620165"]
[EventDate "2012.01.24"]

1. d4 Nf6 2. c4 g6 3. Nc3 Bg7 4. Nf3 d6 5. Bf4 c6 6. e3 Qb6 7. Qd2 Nh5 8. Bg5 h6
9. Bh4 g5 10. Bg3 Nxg3 11. hxg3 Bf5 12. Bd3 Bxd3 13. Qxd3 Nd7 14. O-O Nf6 15.
Ne4 Nxe4 16. Qxe4 Rd8 17. Rab1 a5 18. b4 axb4 19. a3 c5 20. axb4 cxb4 21. Rb3
Ra8 22. Rfb1 Ra4 23. Ne1 Qc6 24. Qd3 O-O 25. Nc2 Rc8 26. Nxb4 Qxc4 27. Qxc4 Rxc4
28. Nd5 Rc2 29. Rxb7 e6 30. Nb4 Rc3 31. Rb6 Bf8 32. d5 Ra5 33. dxe6 fxe6 34. Nc6
Rac5 35. Nd4 Rc1+ 36. Rxc1 Rxc1+ 37. Kh2 Kf7 38. Rb7+ Kf6 39. g4 Rc8 40. g3 e5
41. Nf5 h5 42. Rb6 hxg4 43. Nxd6 Bxd6 44. Rxd6+ Kf5 45. Kg2 Rc3 46. Rd8 Rc5 47.
Rf8+ Ke4 48. Rg8 Kf5 49. e4+ Kf6 50. Rf8+ Ke6 51. Rd8 Kf7 52. Rb8 Rc4 53. Rb7+
Kg6 54. Rb6+ Kh5 55. Re6 Rxe4 56. Kf1 Ra4 57. Rxe5 Kg6 58. Re8 Kf5 59. Rf8+ Ke4
60. Kg2 1/2-1/2

[Event "Gibraltar Open"]
[Site "Caleta ENG"]
[Date "2012.01.30"]
[Round "7.109"]
[White "Marder, Simon"]
[Black "Boesch, Heinz"]
[Result "1/2-1/2"]
[WhiteElo "2032"]
[BlackElo "1904"]
[WhiteFideId "1704540"]
[BlackFideId "4673824"]
[EventDate "2012.01.24"]

1. d4 d5 2. Nc3 e6 3. e4 Bb4 4. exd5 exd5 5. Bd3 Nf6 6. Bg5 Bxc3+ 7. bxc3 Be6 8.
Nf3 O-O 9. Ne5 c5 10. dxc5 Qa5 11. Bxf6 Qxc3+ 12. Kf1 gxf6 13. Ng4 Nd7 14. h4 f5
15. Nh6+ Kh8 16. Nxf5 Bxf5 17. Bxf5 Nxc5 18. Rb1 b6 19. Rh3 Qc4+ 20. Bd3 Nxd3
21. Qxd3 Qxd3+ 22. Rxd3 Rfd8 23. Rbd1 Rac8 24. R1d2 Kg7 25. Ke2 Rc4 26. f3 Rdc8
27. Rxd5 Rxc2 28. Ke3 R8c3+ 29. Ke2 Rxd2+ 30. Rxd2 Ra3 31. Rb2 1/2-1/2

[Event "Gibraltar Open"]
[Site "Caleta ENG"]
[Date "2012.01.30"]
[Round "7.110"]
[White "Campos Calvo-Sotelo, Juan"]
[Black "Van Diermen, Arie"]
[Result "1/2-1/2"]
[WhiteElo "2028"]
[BlackElo "1904"]
[WhiteFideId "2251540"]
[BlackFideId "1009710"]
[EventDate "2012.01.24"]

1. b4 c6 2. e3 Nf6 3. c4 g6 4. Bb2 Bg7 5. Nf3 O-O 6. Be2 d5 7. cxd5 Nxd5 8. Bxg7
Kxg7 9. a3 f6 10. d4 Qb6 11. O-O a5 12. b5 cxb5 13. Qb3 Nc7 14. Nc3 a4 15. Qb2
Ra5 16. Rfb1 Bg4 17. h3 Be6 18. Nd2 Qa7 19. Nxb5 Nxb5 20. Bxb5 Rc8 21. Bd3 Rc7
22. e4 Bb3 23. d5 Nd7 24. Nxb3 axb3 25. Qxb3 Nc5 26. Qc3 b6 27. e5 Nxd3 28.
exf6+ exf6 29. Qxd3 Rd7 30. d6 Rc5 31. Rc1 Qa5 32. Rxc5 Qxc5 33. Rd1 b5 34. g3
h5 35. h4 Kf7 36. Rd2 Qc4 37. Qd5+ Qxd5 38. Rxd5 Ke6 39. Rxb5 Rxd6 40. Ra5 Rd1+
41. Kg2 Ra1 42. Kf3 Ra2 43. Ke3 Rb2 44. a4 Rb3+ 45. Ke2 Rb2+ 46. Kf3 Rb3+ 47.
Kg2 Rb2 48. Ra6+ Kf5 49. a5 Ra2 50. Ra8 Kg4 51. a6 Kf5 52. a7 Ra4 53. Kf3 Ra3+
54. Ke2 Ra2+ 55. Ke3 Ra3+ 56. Kd4 Ra2 57. Kc5 Kg4 58. Rg8 Rxa7 59. Rxg6+ Kf5 60.
Rh6 Ra2 61. f4 Rg2 62. Rxh5+ Kg6 63. Rh8 Kg7 64. Rh5 Kg6 65. Rd5 Rxg3 66. h5+
Kh6 67. Kd6 Re3 68. Kd7 Re4 69. Rf5 Kg7 70. h6+ Kxh6 71. Rxf6+ Kg7 1/2-1/2

[Event "Gibraltar Open"]
[Site "Caleta ENG"]
[Date "2012.01.30"]
[Round "7.111"]
[White "Mortensen, Henrik"]
[Black "Henrichsen, Jens"]
[Result "1/2-1/2"]
[WhiteElo "2012"]
[BlackElo "1901"]
[WhiteFideId "1401424"]
[BlackFideId "1401858"]
[EventDate "2012.01.24"]

1. e4 c5 2. Nf3 d6 3. d4 cxd4 4. Nxd4 Nf6 5. f3 a6 6. c4 e6 7. Nc3 Be7 8. Be3
O-O 9. Qd2 b6 10. Be2 Bb7 11. O-O Nc6 12. Nc2 Rc8 13. b3 Nd7 14. Rad1 Qc7 15.
Rc1 Qb8 16. Rfd1 Rfd8 17. a4 Na5 18. Rb1 Qa8 19. Nd4 Re8 20. Bf1 Qb8 21. Rdc1
Bf8 22. Nc2 Red8 23. Qf2 Qc7 24. Ne1 Ba8 25. Nc2 Qb8 26. Nd4 Re8 27. Qd2 Bb7 28.
Na2 Ne5 29. Rc3 Ba8 30. Rbc1 Red8 31. Qf2 Nd7 32. b4 Nc6 33. Nb3 d5 34. cxd5
Nxb4 35. dxe6 fxe6 36. Nd4 Rxc3 37. Rxc3 Qe5 38. Bc4 Re8 39. Rc1 Nxa2 40. Qxa2
Nc5 41. Ne2 Nxe4 42. Bxa6 Bc5 43. Bxc5 Nxc5 44. Bc4 1/2-1/2

[Event "Gibraltar Open"]
[Site "Caleta ENG"]
[Date "2012.01.30"]
[Round "7.112"]
[White "Pietinen, Pekka"]
[Black "Bernula, Istvan"]
[Result "1-0"]
[WhiteElo "2008"]
[BlackElo "1880"]
[WhiteFideId "502545"]
[BlackFideId "745499"]
[EventDate "2012.01.24"]

1. Nf3 Nc6 2. d4 d5 3. Bf4 Bf5 4. e3 e6 5. a3 Bd6 6. Bxd6 Qxd6 7. c4 dxc4 8.
Bxc4 Nf6 9. Nc3 O-O 10. h3 Na5 11. Bd3 c5 12. Bxf5 exf5 13. O-O Ne4 14. Rc1 c4
15. Nxe4 fxe4 16. Nd2 Qd5 17. Qa4 Rfe8 18. Nxc4 Nxc4 19. Qxc4 Qf5 20. Qb3 b6 21.
Rc3 h5 22. Rfc1 g5 23. Qd1 g4 24. h4 Red8 25. Qe2 Rd6 26. Rc7 a5 27. Qc2 Kf8 28.
Rc8+ Rxc8 29. Qxc8+ Qxc8 30. Rxc8+ Ke7 31. Kh2 Rd5 32. Kg3 Rb5 33. Rc2 Kd6 34.
Kf4 Kd5 35. Kg5 Ke6+ 36. Kf4 Kd5 37. f3 gxf3 38. gxf3 exf3 39. Kxf3 f6 40. Kf4
Kd6 41. Ke4 Ke6 42. Rf2 Ke7 43. d5 Kf7 44. Rd2 Ke7 45. Kf5 Rb3 46. e4 Rf3+ 47.
Kg6 Rf4 48. Rd4 Rxh4 49. d6+ Kd7 50. Kxf6 Rh2 51. b4 axb4 52. axb4 h4 53. e5
Rf2+ 54. Kg5 Re2 55. Kf5 h3 56. Rh4 Rf2+ 57. Ke4 h2 58. Rh7+ Kc6 59. d7 h1=Q+
60. Rxh1 Kxd7 61. Rd1+ Kc7 62. b5 Re2+ 63. Kf5 Rf2+ 64. Ke6 Rb2 65. Rd5 Rh2 66.
Kf7 Rh7+ 67. Kg6 Rh1 68. e6 Rf1 69. e7 Rg1+ 70. Kf7 Rf1+ 71. Ke8 Rf2 72. Rd7+
Kc8 73. Rd6 Kc7 74. Rc6+ Kb7 75. Kd7 1-0

[Event "Gibraltar Open"]
[Site "Caleta ENG"]
[Date "2012.01.30"]
[Round "7.113"]
[White "Kleinert, Juergen"]
[Black "Candano Gonzalez, Alvaro"]
[Result "1-0"]
[WhiteElo "2004"]
[BlackElo "1647"]
[WhiteFideId "4659180"]
[BlackFideId "22232796"]
[EventDate "2012.01.24"]

1. e4 c5 2. c3 Qa5 3. Nf3 Nc6 4. Be2 Nf6 5. d3 e6 6. O-O Be7 7. e5 Nd5 8. d4
cxd4 9. cxd4 d6 10. Na3 dxe5 11. Nc4 Qc7 12. Ncxe5 Nxe5 13. dxe5 O-O 14. Qb3 b6
15. Bd2 Bb7 16. Rac1 Bc5 17. Qa4 Qe7 18. a3 a5 19. Qg4 f5 20. exf6 Nxf6 21. Qh4
e5 22. Bc4+ Kh8 23. Ng5 Rfd8 24. Nf7+ Qxf7 25. Bxf7 Rxd2 26. b4 axb4 27. axb4
Rd4 28. Qh3 Rxb4 29. Rxc5 bxc5 30. Qc3 Rg4 31. f3 Rg5 32. h4 Rf5 33. Qb2 Bd5 34.
Bxd5 Nxd5 35. Qb7 Rd8 36. Rd1 1-0

[Event "Gibraltar Open"]
[Site "Caleta ENG"]
[Date "2012.01.30"]
[Round "7.116"]
[White "Helin, Mikael"]
[Black "Peltomaki, Jarmo"]
[Result "0-1"]
[WhiteElo "1935"]
[BlackElo "2051"]
[WhiteFideId "1703838"]
[BlackFideId "507148"]
[EventDate "2012.01.24"]

1. e4 c5 2. a3 g6 3. b4 Bg7 4. Nc3 b6 5. f4 Bb7 6. e5 d6 7. Nf3 Nh6 8. bxc5 bxc5
9. Rb1 Bc6 10. d4 d5 11. Ne2 e6 12. c3 f6 13. Bd2 Nd7 14. h4 f5 15. Ng5 Ke7 16.
Be3 Ng4 17. Bg1 h6 18. Nf3 h5 19. Ng5 c4 20. g3 Rb8 21. Bh3 Nh6 22. Be3 Qa5 23.
a4 Rxb1 24. Qxb1 Rb8 25. Qa1 Qxa4 26. Kf2 Nf7 27. Nxf7 Kxf7 28. Qxa4 Bxa4 29.
Ra1 Nb6 30. Bc1 Bf8 31. Ng1 Rb7 32. Nf3 Be7 33. Ng5+ Bxg5 34. hxg5 Bb3 35. Ke3
Na4 36. Kd2 Ke8 37. Ba3 Kd7 38. Bb4 Kc6 39. Bf1 Nb6 40. Ra5 Ba4 41. Be2 Bb5 42.
Ra1 Rh7 43. Rh1 Rf7 44. Bxh5 Rh7 45. Bf8 Kd7 46. Rh4 Rxh5 47. Rxh5 gxh5 48. g6
Ke8 49. Bb4 Nc8 50. Ke3 Ne7 51. g7 Ng8 52. Kf2 Kf7 53. Bf8 Be8 54. Kg2 Kg6 55.
Kh3 Bf7 56. Kg2 Nh6 57. Kf3 Bg8 58. Ke2 Ng4 59. Kf3 Kf7 60. Ke2 Bh7 61. Kf3 Nh6
62. Kg2 Ng8 63. Kh3 Ne7 64. Kg2 a5 0-1